[Event "2. Bundesliga Mitte 2004/2005"]
[Site "St. Valentin"]
[Date "2005.03.05"]
[Round "8.6"]
[White "ROGIC, Davor"]
[Black "HELLMAYR, Alois"]
[Result "1-0"]
[WhiteElo "2483"]
[BlackElo "2324"]
[PlyCount "109"]
[EventDate "2004.10.16"]

1. e4 c5 2. Nf3 e6 3. d4 cxd4 4. Nxd4 a6 5. c4 b6 6. Nc3 Qc7 7. Be2 Bb7 8. O-O
Nf6 9. f3 Bd6 10. Kh1 Be7 11. Be3 d6 12. Rc1 Nbd7 13. b4 O-O 14. Nb3 Rac8 15.
Na4 Bc6 16. Nd4 Bb7 17. Qd2 Qb8 18. Rc2 Rfe8 19. Rb1 Ba8 20. Rbc1 Bd8 21. Nb3
Bc7 22. Bg1 Rcd8 23. Rb1 Ne5 24. Nc3 d5 25. cxd5 exd5 26. Nxd5 Bxd5 27. exd5
Rxd5 28. Qc3 Bd6 29. Bxa6 Ng6 30. a3 Rh5 31. h3 Nh4 32. Nd4 Rg5 33. Re1 Nh5 34.
Rxe8+ Qxe8 35. Be3 Ng3+ 36. Kg1 Re5 37. Bf2 Nhf5 38. Nxf5 Nxf5 39. Qc8 Kf8 40.
Qxe8+ Rxe8 41. Rc6 Bf4 42. a4 Rd8 43. Rc8 Rxc8 44. Bxc8 Ne7 45. Bb7 Bc7 46. Kf1
Ke8 47. Ke2 Kd7 48. Kd3 f5 49. Kc4 Ng6 50. Kb5 Nf4 51. Bxb6 Nxg2 52. Bc6+ Kc8
53. a5 Nf4 54. Bxc7 Kxc7 55. a6 1-0

[Event "2. Bundesliga Mitte 2004/2005"]
[Site "St. Valentin"]
[Date "2005.03.05"]
[Round "8.6"]
[White "HIERMANN, Dietmar"]
[Black "MAZI, Leon"]
[Result "1-0"]
[WhiteElo "2262"]
[BlackElo "2393"]
[PlyCount "113"]
[EventDate "2004.10.16"]

1. e4 Nf6 2. e5 Nd5 3. d4 d6 4. Bc4 Nb6 5. Bb3 dxe5 6. Qf3 e6 7. dxe5 Nc6 8.
Qg3 Nd4 9. Nf3 Nf5 10. Qh3 c5 11. Na3 Qc7 12. c4 Bd7 13. O-O a6 14. Re1 h6 15.
Bc2 g6 16. Bd2 Nc8 17. Nb1 Na7 18. Nc3 Nc6 19. Ne4 O-O-O 20. Bc3 Be8 21. Rad1
Ncd4 22. Bb1 Ne2+ 23. Kf1 Nxc3 24. Nxc3 Bc6 25. Rxd8+ Qxd8 26. Rd1 Qb6 27. b3
Be7 28. Bxf5 gxf5 29. Qh5 Be8 30. Ne1 Qc7 31. Qe2 Bc6 32. Rd3 Bd8 33. Rh3 Qe7
34. Qe3 Ba5 35. Na4 Rd8 36. Nd3 Bxa4 37. bxa4 Rd4 38. Qxh6 Rxc4 39. Qg7 Rd4 40.
Rh8+ Bd8 41. Ne1 c4 42. Qf8 Qxf8 43. Rxf8 c3 44. g3 Rd2 45. h4 Kd7 46. Rxf7+
Be7 47. h5 c2 48. Nxc2 Rxc2 49. h6 Ke8 50. h7 Kxf7 51. h8=Q b5 52. Qh5+ Kf8 53.
Qg6 Rc6 54. axb5 axb5 55. g4 fxg4 56. Qxg4 b4 57. Qf3+ 1-0

[Event "2. Bundesliga Mitte 2004/2005"]
[Site "St. Valentin"]
[Date "2005.03.05"]
[Round "8.6"]
[White "JURKOVIC, Hrvoje"]
[Black "LINHART, Wolfgang"]
[Result "1-0"]
[WhiteElo "2432"]
[BlackElo "2262"]
[PlyCount "127"]
[EventDate "2004.10.16"]

1. e4 c5 2. c3 Nf6 3. e5 Nd5 4. d4 cxd4 5. Nf3 Nc6 6. cxd4 e6 7. Bc4 Nb6 8. Bd3
Be7 9. O-O Nb4 10. Be2 O-O 11. Nc3 N4d5 12. Bd3 f5 13. Nxd5 Nxd5 14. Bc4 Nb6
15. Bb3 d5 16. exd6 Qxd6 17. Bg5 Bxg5 18. Nxg5 Bd7 19. Re1 Rae8 20. Re5 Nd5 21.
Qh5 Nf6 22. Qh4 h6 23. Nf3 Ng4 24. Ree1 Bc6 25. Qg3 Qxg3 26. hxg3 Bd5 27. Bxd5
exd5 28. Ne5 Nf6 29. Ng6 Rxe1+ 30. Rxe1 Rf7 31. Ne7+ Kh7 32. Nxf5 Ne4 33. f3
Rxf5 34. fxe4 dxe4 35. Rxe4 Rb5 36. Re2 Kg6 37. Kf2 Kf5 38. Ke3 Ke6 39. Ke4 Rd5
40. a3 Kd6 41. Rf2 Ke6 42. Rc2 Kd6 43. Rc8 Rg5 44. Kf4 a5 45. Rd8+ Ke7 46. Ra8
Rb5 47. a4 Rxb2 48. Rxa5 Rf2+ 49. Ke5 Re2+ 50. Kf4 Rf2+ 51. Kg4 Rd2 52. d5 Kd6
53. Rb5 Rd4+ 54. Kf5 Rxa4 55. Rxb7 g6+ 56. Kxg6 Rg4+ 57. Kxh6 Kxd5 58. Rg7 Ra4
59. g4 Ke6 60. g5 Rg4 61. Ra7 Rxg2 62. g6 Kf6 63. Rf7+ Ke6 64. Rf1 1-0

[Event "2. Bundesliga Mitte 2004/2005"]
[Site "St. Valentin"]
[Date "2005.03.05"]
[Round "8.6"]
[White "TESTOR, Sebastian"]
[Black "HEBESBERGER, Thomas"]
[Result "0-1"]
[WhiteElo "2160"]
[BlackElo "2346"]
[PlyCount "84"]
[EventDate "2004.10.16"]

1. e4 c5 2. Nf3 d6 3. d4 cxd4 4. Nxd4 Nf6 5. Nc3 g6 6. Be3 Bg7 7. f3 Nc6 8. Qd2
Bd7 9. O-O-O Rc8 10. Kb1 O-O 11. g4 Ne5 12. h4 h5 13. Nd5 hxg4 14. Nxf6+ exf6
15. f4 Nc4 16. Bxc4 Rxc4 17. f5 Qe7 18. Qd3 Rcc8 19. Rdg1 Rfe8 20. Rxg4 d5 21.
Qb3 gxf5 22. Rg3 Qxe4 23. Rhg1 Kh8 24. Bc1 Qxd4 25. Qf3 Qg4 26. Rxg4 fxg4 27.
Qxd5 Be6 28. Qh5+ Kg8 29. Bh6 Red8 30. Bxg7 Kxg7 31. Qa5 b6 32. Qb4 Rc4 33. Qe1
Bf5 34. Qf2 Bxc2+ 35. Ka1 Bd1 36. a3 Rc1+ 37. Ka2 Rd3 38. a4 Rc4 39. Rf1 Bb3+
40. Kb1 Bc2+ 41. Kc1 Rf3 42. Qh2 Bd3+ 0-1

[Event "2. Bundesliga Mitte 2004/2005"]
[Site "St. Valentin"]
[Date "2005.03.06"]
[Round "9.1"]
[White "MOHR, Georg"]
[Black "KOZUL, Zdenko"]
[Result "1/2-1/2"]
[WhiteElo "2444"]
[BlackElo "2630"]
[PlyCount "24"]
[EventDate "2004.10.16"]

1. c4 g6 2. Nc3 Bg7 3. g3 c5 4. Bg2 e6 5. e3 Nc6 6. Nge2 Nge7 7. O-O O-O 8. d4
cxd4 9. Nxd4 Nxd4 10. exd4 d5 11. cxd5 Nxd5 12. Nxd5 exd5 1/2-1/2

[Event "2. Bundesliga Mitte 2004/2005"]
[Site "St. Valentin"]
[Date "2005.03.06"]
[Round "9.1"]
[White "STEVIC, Hrvoje"]
[Black "BUTUNOI, Alexandru"]
[Result "0-1"]
[WhiteElo "2541"]
[BlackElo "2361"]
[PlyCount "104"]
[EventDate "2004.10.16"]

1. e4 c5 2. c3 Nf6 3. e5 Nd5 4. d4 cxd4 5. Nf3 Nc6 6. cxd4 d6 7. Bc4 Nb6 8. Bb3
dxe5 9. d5 Na5 10. Nc3 Nxb3 11. Qxb3 e6 12. Nxe5 Bd6 13. Qb5+ Kf8 14. Bf4 exd5
15. O-O Be6 16. Rad1 Kg8 17. Rfe1 h5 18. Nd3 Rc8 19. a4 Rc4 20. Bxd6 Qxd6 21.
a5 Nd7 22. Qxb7 a6 23. f4 Kh7 24. Qa7 Bg4 25. Rd2 Rb8 26. Qf2 Nf6 27. Ne5 Rc7
28. h3 Bc8 29. Red1 Be6 30. Rd4 g6 31. R1d2 Rb4 32. Nd3 Rb3 33. Ne5 Qc5 34. Nf3
Qxa5 35. Ra4 Qb6 36. Nd4 Rcxc3 37. bxc3 Ne4 38. Qe3 Rxc3 39. Qe1 Nxd2 40. Qxd2
Rc4 41. Rxc4 dxc4 42. Kh2 Qd6 43. Qe3 a5 44. Nf3 a4 45. Ng5+ Kg7 46. g3 Bd7 47.
Qc3+ Qf6 48. Qxc4 a3 49. Kg1 Bb5 50. Qd5 Qa1+ 51. Kg2 Qb2+ 52. Kg1 Be8 0-1

[Event "2. Bundesliga Mitte 2004/2005"]
[Site "St. Valentin"]
[Date "2005.03.06"]
[Round "9.1"]
[White "ZECHNER, Gernot"]
[Black "KREBS, Johann"]
[Result "1-0"]
[WhiteElo "2211"]
[BlackElo "2223"]
[PlyCount "115"]
[EventDate "2004.10.16"]

1. d4 Nf6 2. c4 g6 3. Nc3 Bg7 4. e4 d6 5. Nf3 O-O 6. Be2 e5 7. O-O Na6 8. Be3
Ng4 9. Bg5 Qe8 10. dxe5 h6 11. Bc1 dxe5 12. h3 Nf6 13. Be3 c6 14. c5 Qe7 15.
Bxa6 bxa6 16. Qa4 Qb7 17. b4 Be6 18. Rfd1 Ne8 19. Bc1 Nc7 20. Bb2 Rfe8 21. Ne2
f6 22. a3 Bf8 23. Rd2 Qb5 24. Qd1 Be7 25. Nc3 Qb7 26. Nh4 Kh7 27. f4 exf4 28.
Ne2 Rad8 29. Nxf4 Rxd2 30. Qxd2 Rd8 31. Qc2 Bf7 32. e5 f5 33. Nxf5 Ne6 34. Nxe6
Bxe6 35. Nd6 Qd7 36. Rf1 Rf8 37. Rxf8 Bxf8 38. Qa4 Be7 39. Qxa6 h5 40. Kh2 h4
41. a4 Bg5 42. Qf1 Qe7 43. Ne4 Bd5 44. Nd6 Be3 45. Qf6 Qxf6 46. exf6 Kg8 47.
Nc8 Bf4+ 48. Kg1 Be3+ 49. Kf1 Bc4+ 50. Ke1 a5 51. Ne7+ Kh7 52. Nxc6 axb4 53.
Ne5 Bd5 54. c6 Bxg2 55. f7 Bh6 56. a5 Kg7 57. a6 Be3 58. c7 1-0

[Event "2. Bundesliga Mitte 2004/2005"]
[Site "St. Valentin"]
[Date "2005.03.06"]
[Round "9.2"]
[White "SHENGELIA, David"]
[Black "PAVASOVIC, Dusko"]
[Result "0-1"]
[WhiteElo "2502"]
[BlackElo "2592"]
[PlyCount "76"]
[EventDate "2004.10.16"]

1. d4 d5 2. Nf3 Nf6 3. e3 g6 4. c4 Bg7 5. Nc3 O-O 6. cxd5 Nxd5 7. Bc4 Nxc3 8.
bxc3 c5 9. O-O Qc7 10. Be2 Nc6 11. Rb1 Rd8 12. Qa4 Bf5 13. Rb5 b6 14. dxc5 Bxc3
15. Qh4 Bf6 16. Ng5 Bxg5 17. Qxg5 Bd3 18. Bxd3 Rxd3 19. Bb2 Qd7 20. Qh6 f6 21.
Qf4 Nd4 22. Qe4 Re8 23. Rb4 Ne2+ 24. Kh1 bxc5 25. Rb3 Rd2 26. Re1 Rd8 27. h3
Qd5 28. Qxe7 Rd1 29. Bc3 Nxc3 30. Rxd1 Qxd1+ 31. Kh2 Ne2 32. Rb1 Qd6+ 33. Qxd6
Rxd6 34. Rb2 Nc1 35. Rb8+ Kf7 36. Rb7+ Ke6 37. Rxa7 Rc6 38. Ra3 c4 0-1

[Event "2. Bundesliga Mitte 2004/2005"]
[Site "St. Valentin"]
[Date "2005.03.06"]
[Round "9.2"]
[White "BUHMANN, Rainer"]
[Black "MARKUS, Robert"]
[Result "1/2-1/2"]
[WhiteElo "2532"]
[BlackElo "2550"]
[PlyCount "39"]
[EventDate "2004.10.16"]

1. Nf3 Nf6 2. c4 e6 3. g3 d5 4. d4 dxc4 5. Bg2 a6 6. O-O b5 7. Ne5 Nd5 8. a4
Bb7 9. b3 c3 10. axb5 axb5 11. Rxa8 Bxa8 12. e4 b4 13. exd5 Bxd5 14. Be3 Bxg2
15. Kxg2 Qd5+ 16. Qf3 Qxf3+ 17. Kxf3 Nd7 18. Rc1 Nb6 19. Nc4 Nd5 20. Bf4
1/2-1/2

[Event "2. Bundesliga Mitte 2004/2005"]
[Site "St. Valentin"]
[Date "2005.03.06"]
[Round "9.2"]
[White "TRATAR, Marko"]
[Black "ARWANITAKIS, Michael"]
[Result "1-0"]
[WhiteElo "2449"]
[BlackElo "2242"]
[PlyCount "103"]
[EventDate "2004.10.16"]

1. Nf3 Nf6 2. c4 g6 3. Nc3 Bg7 4. e4 d6 5. d4 O-O 6. Be2 Na6 7. O-O c6 8. Be3
e5 9. d5 Ng4 10. Bg5 f6 11. Bh4 c5 12. Ne1 h5 13. Nd3 Nh6 14. f3 Nf7 15. Rb1
Bh6 16. Bf2 f5 17. b4 cxb4 18. Nxb4 Nc5 19. Nd3 b6 20. Rb2 Kh8 21. Nxc5 bxc5
22. Qa4 f4 23. Rfb1 g5 24. Rb8 Rxb8 25. Rxb8 Qc7 26. Ra8 a6 27. Qc6 Qb7 28. Be1
Kg8 29. Kf1 g4 30. Qxb7 Bxb7 31. Rxf8+ Kxf8 32. fxg4 hxg4 33. Bxg4 Ke7 34. Ke2
Bg5 35. Na4 Ke8 36. Nb6 Bd8 37. Bd7+ Kf8 38. Nc8 Kg7 39. Kd3 Kg6 40. Be6 Kg7
41. Kc2 Kh6 42. Kb3 Bc7 43. Bxf7 Bxc8 44. Be6 Bxe6 45. dxe6 Bd8 46. Ka4 Kg5 47.
Ba5 Be7 48. Bc7 Kg4 49. Ka5 f3 50. gxf3+ Kxf3 51. Kb6 Kxe4 52. Kc6 1-0

[Event "2. Bundesliga Mitte 2004/2005"]
[Site "St. Valentin"]
[Date "2005.03.06"]
[Round "9.2"]
[White "HATZL, Stefan"]
[Black "RESCHUN, Sascha"]
[Result "1/2-1/2"]
[WhiteElo "2213"]
[BlackElo "2256"]
[PlyCount "30"]
[EventDate "2004.10.16"]

1. e4 e6 2. b3 c5 3. Bb2 Nc6 4. Nf3 d6 5. d4 cxd4 6. Nxd4 e5 7. Nxc6 bxc6 8.
Bd3 Ne7 9. O-O Ng6 10. g3 Bh3 11. Re1 h5 12. Na3 Qf6 13. Bf1 Qe6 14. Qd3 h4 15.
Qc4 Rc8 1/2-1/2

[Event "2. Bundesliga Mitte 2004/2005"]
[Site "St. Valentin"]
[Date "2005.03.06"]
[Round "9.2"]
[White "KASPRET, Guido"]
[Black "WAGNER, Stephan"]
[Result "1/2-1/2"]
[WhiteElo "2312"]
[BlackElo "2174"]
[PlyCount "92"]
[EventDate "2004.10.16"]

1. c4 c5 2. Nf3 Nc6 3. d4 cxd4 4. Nxd4 Nf6 5. Nc3 e6 6. Ndb5 d6 7. Bf4 e5 8.
Bg5 a6 9. Na3 Be7 10. e3 Be6 11. Be2 Ng8 12. Bxe7 Ngxe7 13. O-O d5 14. cxd5
Nxd5 15. Ne4 Qe7 16. Rc1 Rd8 17. Qa4 Nb6 18. Qc2 Nb4 19. Qc5 Qxc5 20. Nxc5 Nxa2
21. Ra1 Nb4 22. Nxb7 Rd2 23. Rfd1 Rxd1+ 24. Rxd1 Ke7 25. Nc5 Bc8 26. Ra1 Rd8
27. Nc4 Nxc4 28. Bxc4 Rd6 29. b3 f6 30. f4 Nc2 31. Ra2 Nxe3 32. fxe5 fxe5 33.
Bxa6 Bxa6 34. Nxa6 Rb6 35. Nc5 Rb5 36. Ra7+ Kf6 37. Ne4+ Kg6 38. Ra6+ Kh5 39.
Ra3 Nc2 40. Ra7 Kh6 41. Ra6+ Kh5 42. Ra7 Rb4 43. Rc7 Nd4 44. Nd2 Kg6 45. Nc4
Rxb3 46. Nxe5+ Kf5 1/2-1/2

[Event "2. Bundesliga Mitte 2004/2005"]
[Site "St. Valentin"]
[Date "2005.03.06"]
[Round "9.3"]
[White "DERVISHI, Erald"]
[Black "GLEK, Igor"]
[Result "1-0"]
[WhiteElo "2486"]
[BlackElo "2578"]
[PlyCount "61"]
[EventDate "2004.10.16"]

1. e4 c5 2. Nf3 e6 3. d4 cxd4 4. Nxd4 a6 5. Bd3 Bc5 6. Nb3 Ba7 7. Qe2 Nc6 8.
Be3 d6 9. Nc3 Nge7 10. O-O-O O-O 11. f4 e5 12. f5 b5 13. g4 b4 14. Nd5 Nxd5 15.
exd5 Ne7 16. Bxa7 Rxa7 17. Qe4 a5 18. f6 Ng6 19. Rdf1 gxf6 20. h4 Ba6 21. Bxa6
Rxa6 22. h5 Nf4 23. Nd4 Nxd5 24. Qxd5 exd4 25. g5 fxg5 26. h6 Qe7 27. Rhg1 Kh8
28. Rxg5 Qe3+ 29. Kb1 f6 30. Qg2 Raa8 31. Rxa5 1-0

[Event "2. Bundesliga Mitte 2004/2005"]
[Site "St. Valentin"]
[Date "2005.03.06"]
[Round "9.3"]
[White "UHLMANN, Wolfgang"]
[Black "MANCA, Federico"]
[Result "0-1"]
[WhiteElo "2413"]
[BlackElo "2366"]
[PlyCount "56"]
[EventDate "2004.10.16"]

1. c4 e6 2. Nc3 d5 3. d4 c5 4. cxd5 exd5 5. Nf3 Nc6 6. g3 Nf6 7. Bg2 Be7 8. O-O
O-O 9. b3 Ne4 10. Bb2 Bf6 11. Na4 b6 12. dxc5 Bxb2 13. Nxb2 bxc5 14. Rc1 Ba6
15. Nd3 Re8 16. Re1 Qb6 17. e3 Rad8 18. Nf4 Nb4 19. a3 Na2 20. Ra1 Nac3 21. Qc2
d4 22. b4 d3 23. Qc1 g5 24. Nxd3 Rxd3 25. bxc5 Qf6 26. g4 Rd1 27. Qxd1 Nxd1 28.
Rexd1 h5 0-1

[Event "2. Bundesliga Mitte 2004/2005"]
[Site "St. Valentin"]
[Date "2005.03.06"]
[Round "9.3"]
[White "BAUMGARTNER, Heinz"]
[Black "SANDNER, Wolfgang"]
[Result "1-0"]
[WhiteElo "2337"]
[BlackElo "2237"]
[PlyCount "129"]
[EventDate "2004.10.16"]

1. Nf3 Nf6 2. g3 g6 3. Bg2 Bg7 4. O-O O-O 5. c4 d6 6. d4 Nc6 7. Nc3 a6 8. h3
Rb8 9. e4 e5 10. Be3 exd4 11. Nxd4 Re8 12. Rc1 h6 13. Qc2 Ng4 14. hxg4 Nxd4 15.
Qd2 c5 16. f3 Be6 17. b3 g5 18. Ne2 Nc6 19. Rfd1 Bf8 20. Nc3 Ne5 21. Qe2 Qa5
22. Nd5 Bxd5 23. Rxd5 f6 24. Rf1 Be7 25. f4 Nc6 26. Rd2 Rbc8 27. Qd3 Nb4 28.
Qc3 Nc6 29. Qc2 Kg7 30. Rdf2 Rf8 31. Bd2 Qd8 32. Bc3 Qd7 33. Qd2 Qe8 34. Qd5
Qg6 35. Qe6 Rc7 36. Qd5 Rcc8 37. Qe6 Rc7 38. Rd2 Qf7 39. Qf5 Qg6 40. Rfd1 Rh8
41. Bf3 Re8 42. Bg2 Bf8 43. Qxg6+ Kxg6 44. Rxd6 Bxd6 45. Rxd6 Nd4 46. e5 Rf8
47. f5+ Kg7 48. Bxd4 cxd4 49. e6 Rb8 50. Rb6 Kf8 51. Kf2 Ke7 52. Ke2 Rd8 53.
Kd3 Rd6 54. Rxb7 Rxb7 55. Bxb7 a5 56. Bd5 Rb6 57. Kxd4 Rb4 58. Kc3 Kd6 59. a3
Rb8 60. Kd4 Rc8 61. b4 axb4 62. axb4 h5 63. gxh5 g4 64. b5 Rh8 65. b6 1-0

[Event "2. Bundesliga Mitte 2004/2005"]
[Site "St. Valentin"]
[Date "2005.03.06"]
[Round "9.3"]
[White "SCHEIN, Karl-Heinz"]
[Black "ROLLETSCHEK, Heinrich"]
[Result "1/2-1/2"]
[WhiteElo "2253"]
[BlackElo "2316"]
[PlyCount "59"]
[EventDate "2004.10.16"]

1. d4 f5 2. Nc3 d5 3. f3 Nf6 4. Bg5 Nbd7 5. Qd3 g6 6. e4 Nb6 7. O-O-O h6 8.
Bxf6 exf6 9. exd5 Nxd5 10. Nxd5 Qxd5 11. c4 Qa5 12. Kb1 c5 13. Ne2 Kf7 14. f4
Be6 15. d5 Bd7 16. Nc3 Bd6 17. g3 a6 18. Qd2 b5 19. Bd3 Rhe8 20. Rhe1 b4 21.
Ne2 Re7 22. Ng1 Rae8 23. Nf3 Qd8 24. Nh4 Rxe1 25. Rxe1 Rxe1+ 26. Qxe1 Qc8 27.
Qe2 Kg7 28. Bc2 a5 29. b3 Qe8 30. Qxe8 1/2-1/2

[Event "2. Bundesliga Mitte 2004/2005"]
[Site "St. Valentin"]
[Date "2005.03.06"]
[Round "9.4"]
[White "HOLZWEBER, Martin"]
[Black "BUKAL, Vladimir Jun"]
[Result "0-1"]
[WhiteElo "2177"]
[BlackElo "2390"]
[PlyCount "80"]
[EventDate "2004.10.16"]

1. e4 e6 2. d4 d5 3. Nc3 Bb4 4. e5 Ne7 5. a3 Bxc3+ 6. bxc3 c5 7. a4 Nbc6 8. Nf3
Qc7 9. Ba3 cxd4 10. cxd4 Qa5+ 11. Qd2 Qxd2+ 12. Kxd2 Nf5 13. c3 Na5 14. Bb5+
Bd7 15. Kd3 Ne7 16. Rhb1 Nec6 17. Nd2 f6 18. f4 h5 19. Bxc6 Bxc6 20. Bb4 Nc4
21. Nxc4 dxc4+ 22. Kxc4 Bxg2 23. Rg1 Bd5+ 24. Kd3 Kf7 25. c4 Bf3 26. Ke3 Bg4
27. d5 Rac8 28. Rac1 Rhd8 29. Bd6 g5 30. dxe6+ Kxe6 31. fxg5 fxe5 32. c5 b6 33.
a5 bxc5 34. Bxc5 Rd7 35. Rc3 Rf7 36. Rgc1 Rd8 37. h4 Rf3+ 38. Ke4 Rf4+ 39. Ke3
Kf5 40. Rc4 e4 0-1

[Event "2. Bundesliga Mitte 2004/2005"]
[Site "St. Valentin"]
[Date "2005.03.06"]
[Round "9.4"]
[White "STUHLIK, Marko"]
[Black "KIRSCHNER, Alexander"]
[Result "1/2-1/2"]
[WhiteElo "2246"]
[BlackElo "2216"]
[PlyCount "33"]
[EventDate "2004.10.16"]

1. g3 c5 2. Bg2 Nc6 3. c4 g6 4. Nc3 Bg7 5. d3 e6 6. Nh3 Nge7 7. Nf4 a6 8. Bd2
d6 9. Rb1 Rb8 10. h4 h6 11. a4 b6 12. Na2 a5 13. Bc3 e5 14. e3 Nb4 15. Nc1 d5
16. cxd5 Nexd5 17. Nxd5 1/2-1/2

[Event "2. Bundesliga Mitte 2004/2005"]
[Site "St. Valentin"]
[Date "2005.03.06"]
[Round "9.4"]
[White "NIEDERWIESER, Peter"]
[Black "ASCHENBRENNER, Robert"]
[Result "1-0"]
[WhiteElo "2186"]
[BlackElo "2240"]
[PlyCount "79"]
[EventDate "2004.10.16"]

1. d4 Nf6 2. c4 g6 3. Nc3 Bg7 4. e4 d6 5. Nf3 O-O 6. Be2 e5 7. O-O Nc6 8. d5
Ne7 9. Nd2 a5 10. Rb1 Nd7 11. a3 f5 12. b4 Kh8 13. Qc2 axb4 14. axb4 Nf6 15. f3
c6 16. Rd1 cxd5 17. cxd5 Bh6 18. Nc4 Bxc1 19. Rbxc1 fxe4 20. fxe4 Bd7 21. Qd3
Rc8 22. h3 b5 23. Nd2 Nh5 24. Qe3 Nf4 25. Bf1 Rb8 26. Kh2 Rg8 27. g3 Nh5 28.
Nf3 Qf8 29. Ng5 Qf6 30. Be2 Nf5 31. exf5 gxf5 32. Bxh5 Rxg5 33. Bf7 Qg7 34. Rg1
h6 35. Be6 Bxe6 36. dxe6 Rg8 37. Nd5 Qb7 38. Qd2 f4 39. gxf4 exf4 40. Qd4+ 1-0

[Event "2. Bundesliga Mitte 2004/2005"]
[Site "St. Valentin"]
[Date "2005.03.06"]
[Round "9.4"]
[White "MITTER, Gerd"]
[Black "ROCKENSCHAUB, Manfred"]
[Result "1/2-1/2"]
[WhiteElo "2196"]
[BlackElo "2212"]
[PlyCount "52"]
[EventDate "2004.10.16"]

1. g3 g6 2. Bg2 Bg7 3. d4 Nf6 4. Nf3 c5 5. O-O O-O 6. c4 d6 7. Nc3 Nc6 8. dxc5
dxc5 9. Be3 Be6 10. Qa4 Qb6 11. Qb5 Nd7 12. Rfd1 a6 13. Qxb6 Nxb6 14. Nd2 Bd4
15. Bxd4 cxd4 16. Nd5 Bxd5 17. cxd5 Nb4 18. Nb3 N4xd5 19. Rxd4 e6 20. Na5 Rab8
21. Rc1 Rfc8 22. Rdd1 Na4 23. Bxd5 exd5 24. Rxc8+ Rxc8 25. Nxb7 Rb8 26. Rd4
Nxb2 1/2-1/2

[Event "2. Bundesliga Mitte 2004/2005"]
[Site "St. Valentin"]
[Date "2005.03.06"]
[Round "9.4"]
[White "OBERNGRUBER, Thomas"]
[Black "SOELKNER, Karl"]
[Result "1/2-1/2"]
[WhiteElo "2150"]
[BlackElo "2042"]
[PlyCount "66"]
[EventDate "2004.10.16"]

1. e4 e5 2. Bc4 d6 3. d3 c6 4. Nc3 Be6 5. Bb3 Na6 6. Nge2 Nc5 7. Ng3 Nxb3 8.
axb3 Be7 9. O-O Bh4 10. Nce2 Bxg3 11. Nxg3 Ne7 12. f4 f6 13. f5 Bf7 14. Qg4 Kf8
15. Nh5 Bxh5 16. Qxh5 c5 17. g4 Qe8 18. Qh4 Nc6 19. g5 Ke7 20. Kh1 Qf7 21. Rf2
Kd7 22. Be3 Rag8 23. Rg1 Ne7 24. Rfg2 Kc7 25. b4 b6 26. bxc5 dxc5 27. c3 fxg5
28. Bxg5 Nc6 29. Be3 Kb7 30. Qf2 Qf6 31. Bg5 Qf7 32. Be3 Qf6 33. Bg5 Qf7
1/2-1/2

[Event "2. Bundesliga Mitte 2004/2005"]
[Site "St. Valentin"]
[Date "2005.03.06"]
[Round "9.5"]
[White "HELLMAYR, Alois"]
[Black "HORVATH, Csaba"]
[Result "1-0"]
[WhiteElo "2324"]
[BlackElo "2546"]
[PlyCount "83"]
[EventDate "2004.10.16"]

1. d4 g6 2. g3 Bg7 3. Bg2 c5 4. d5 d6 5. Nh3 b5 6. Nf4 Nd7 7. h4 h6 8. Nd2 Ngf6
9. Ne4 Nxe4 10. Bxe4 Nf6 11. Bg2 a5 12. e4 b4 13. O-O O-O 14. Re1 Ng4 15. a3
Ne5 16. Nd3 Bg4 17. Qd2 Nc4 18. Qf4 Bd7 19. Ra2 Qc7 20. axb4 axb4 21. Rxa8 Rxa8
22. b3 Na3 23. Re2 Bb5 24. Bf1 c4 25. Nxb4 cxb3 26. cxb3 Bxe2 27. Bxe2 Nc2 28.
Nc6 Nd4 29. Bc4 Ra2 30. Be3 Nxc6 31. dxc6 e6 32. Bb5 Qa5 33. Ba4 Be5 34. Qf3
Qc3 35. Kg2 Bd4 36. Bxd4 Qxd4 37. e5 dxe5 38. c7 Rc2 39. Bc6 e4 40. c8=Q+ Kg7
41. Qf4 e5 42. Qxh6+ 1-0

[Event "2. Bundesliga Mitte 2004/2005"]
[Site "St. Valentin"]
[Date "2005.03.06"]
[Round "9.5"]
[White "GENSER, Harald"]
[Black "HIERMANN, Dietmar"]
[Result "1/2-1/2"]
[WhiteElo "2285"]
[BlackElo "2262"]
[PlyCount "74"]
[EventDate "2004.10.16"]

1. d4 Nf6 2. c4 g6 3. Nc3 d5 4. cxd5 Nxd5 5. e4 Nxc3 6. bxc3 Bg7 7. Bc4 O-O 8.
Ne2 c5 9. O-O Nc6 10. Be3 Na5 11. Bd3 c4 12. Bc2 b6 13. Qd2 e5 14. f4 exd4 15.
cxd4 c3 16. Qxc3 Ba6 17. Bd3 Re8 18. Qd2 Nc4 19. Bxc4 Bxc4 20. e5 Qd7 21. Rfc1
Rec8 22. Ng3 Qd5 23. Rc2 Bf8 24. f5 Ba6 25. Rac1 Ba3 26. Rxc8+ Rxc8 27. Rxc8+
Bxc8 28. fxg6 hxg6 29. Ne2 Bb7 30. Nf4 Qe4 31. h4 Be7 32. Bf2 b5 33. Bg3 a5 34.
Kh2 g5 35. hxg5 Bxg5 36. Qd1 Kf8 37. Qg4 Bxf4 1/2-1/2

[Event "2. Bundesliga Mitte 2004/2005"]
[Site "St. Valentin"]
[Date "2005.03.06"]
[Round "9.5"]
[White "TESTOR, Sebastian"]
[Black "PETSCHAR, Kurt"]
[Result "1/2-1/2"]
[WhiteElo "2160"]
[BlackElo "2289"]
[PlyCount "119"]
[EventDate "2004.10.16"]

1. e4 c5 2. Nf3 Nc6 3. d4 cxd4 4. Nxd4 e5 5. Nb5 d6 6. N1c3 a6 7. Na3 b5 8. Nd5
Rb8 9. c4 b4 10. Nc2 a5 11. Qf3 Nf6 12. Be2 Be7 13. Qg3 O-O 14. Bh6 Ne8 15. h4
Kh8 16. Bg5 Nc7 17. Rd1 f6 18. Be3 b3 19. Na3 Ne6 20. Nb5 bxa2 21. Ra1 Ba6 22.
Rxa2 Bxb5 23. cxb5 Ncd4 24. Bd3 Nxb5 25. O-O Nbd4 26. Rc1 Nc5 27. Bxd4 exd4 28.
Rc4 f5 29. Nxe7 Qxe7 30. exf5 Qf6 31. Bc2 Rb5 32. Kh2 d5 33. Ba4 Rxb2 34. Rc2
Ne4 35. Raxb2 Nxg3 36. fxg3 Qxf5 37. Rd2 d3 38. Bb5 g6 39. Bxd3 Qf6 40. Rb7 Rf7
41. Rb8+ Kg7 42. Be2 Qf2 43. Rbb2 Qc5 44. Rb5 Qe3 45. Rbxd5 a4 46. Bc4 Re7 47.
Rd7 Qc5 48. Rxe7+ Qxe7 49. Rf2 a3 50. Rf3 g5 51. hxg5 Qxg5 52. Rf4 Qh5+ 53. Rh4
Qa5 54. Rf4 a2 55. Bxa2 Qxa2 56. Rh4 Qe2 57. Rf4 Kg6 58. Rh4 Qd3 59. Rf4 Kg5
60. Rh4 1/2-1/2

[Event "2. Bundesliga Mitte 2004/2005"]
[Site "St. Valentin"]
[Date "2005.03.06"]
[Round "9.5"]
[White "TITZ, Heimo"]
[Black "LAUTNER, Josef"]
[Result "1-0"]
[WhiteElo "2217"]
[BlackElo "2223"]
[PlyCount "47"]
[EventDate "2004.10.16"]

1. c4 e6 2. g3 d5 3. Bg2 Nf6 4. Nf3 Be7 5. O-O O-O 6. d4 dxc4 7. Qc2 a6 8. Qxc4
b5 9. Qc2 Bb7 10. Bg5 Nbd7 11. Bxf6 Nxf6 12. Nbd2 Rc8 13. Nb3 Be4 14. Qc1 Qd5
15. Rd1 Nd7 16. Qe3 f5 17. Nbd2 c5 18. Nxe4 fxe4 19. dxc5 Qb7 20. b4 Nxc5 21.
bxc5 Bxc5 22. Nd4 e5 23. Bxe4 Qf7 24. Qb3 1-0

[Event "2. Bundesliga Mitte 2004/2005"]
[Site "St. Valentin"]
[Date "2005.03.06"]
[Round "9.6"]
[White "FLUMBORT, Andras"]
[Black "ROGIC, Davor"]
[Result "1/2-1/2"]
[WhiteElo "2493"]
[BlackElo "2483"]
[PlyCount "20"]
[EventDate "2004.10.16"]

1. d4 d5 2. c4 c6 3. Nf3 Nf6 4. Nc3 dxc4 5. a4 Bf5 6. Ne5 Nbd7 7. Nxc4 Qc7 8.
g3 Rd8 9. Bf4 Qc8 10. Bg2 Nc5 1/2-1/2

[Event "2. Bundesliga Mitte 2004/2005"]
[Site "St. Valentin"]
[Date "2005.03.06"]
[Round "9.6"]
[White "MAZI, Leon"]
[Black "HEIMBERGER, Reinhard"]
[Result "1/2-1/2"]
[WhiteElo "2393"]
[BlackElo "2315"]
[PlyCount "62"]
[EventDate "2004.10.16"]

1. e4 c5 2. Nf3 e6 3. d4 cxd4 4. Nxd4 Nf6 5. Nc3 d6 6. Bg5 a6 7. Qf3 Be7 8.
O-O-O Qc7 9. Qg3 Nbd7 10. h4 Nc5 11. f3 Bd7 12. Kb1 b5 13. Qe1 O-O 14. g4 b4
15. Nce2 a5 16. Be3 Rfb8 17. g5 Ne8 18. Qd2 a4 19. Nc1 Bf8 20. h5 e5 21. Nf5
Be6 22. Bh3 b3 23. cxb3 axb3 24. a3 Rc8 25. Bxc5 Qxc5 26. Ne3 Be7 27. Nd3 Qd4
28. Nd5 Bd8 29. g6 Rc2 30. gxf7+ Bxf7 31. Qb4 Qxb4 1/2-1/2

[Event "2. Bundesliga Mitte 2004/2005"]
[Site "St. Valentin"]
[Date "2005.03.06"]
[Round "9.6"]
[White "SANDHOEFNER, Florian"]
[Black "JURKOVIC, Hrvoje"]
[Result "0-1"]
[WhiteElo "2240"]
[BlackElo "2432"]
[PlyCount "57"]
[EventDate "2004.10.16"]

1. e4 c5 2. Nf3 e6 3. c4 Nc6 4. Nc3 e5 5. d3 g6 6. a3 Bg7 7. b4 d6 8. Rb1 Nge7
9. h4 h6 10. Be2 f5 11. Nd5 Nd4 12. Nxd4 cxd4 13. Bd2 O-O 14. Nxe7+ Qxe7 15.
Bf3 Be6 16. Qe2 Rf7 17. h5 g5 18. exf5 Rxf5 19. O-O Raf8 20. Be4 R5f6 21. g4 b5
22. cxb5 d5 23. Bg6 Rf3 24. Bf5 e4 25. dxe4 Bxf5 26. Qxf3 Bxe4 27. Qg3 Rf3 28.
Qb8+ Kh7 29. Rbc1 0-1